000 00791nas a2200265 4500
001 BR9701160
003 BR-BrBNA
005 20231205100021.0
007 ta
008 230509b bl.|||p| |||| 00| 00por d
040 _aBR-BrBNA
_bpor
_cBiblioteca Nacional de Agricultura
041 _a(Pt)
072 _aH20
100 1 _aMendes, J.L.P.
100 1 _aFerreira, P.V.
245 1 _aReacao de cultivares de cebola (*Allium cepa L.)do Colletotrichum gloeosporioides Penz no municipio de Maceio-AL
650 _aCebola
650 _aAntracnose
650 _aFungo
650 _aBulbo
650 _aAlagoas
773 0 _tCiencia Agricola (Brazil)
_xISSN 0103-8699
_g(Dec 1991/1992), v. 1(2) p. 95-100
_wBR9701160
909 _a202311
_bLúcia
_c55
_dLúcia Elande
942 _2AGRIS
_n0
_cANA
999 _c153936
_d153936